Chapitre 9 Mots anglais en contexte - Statistiques

Statistiques générales
  • Ce quiz a été pris 24 fois
  • Le résultat moyen est 27 sur 83
Statistiques - réponses
AHint Réponse % Correct
Neige Snow
95%
Neiger Snow
95%
Très chaud Hot
90%
Été Summer
90%
Hiver Winter
90%
Saison Season
86%
Ciel Sky
86%
Printemps Spring
86%
Soleil Sun
86%
Temps Weather
86%
Automne (GB) Autumn
81%
Nuage Cloud
81%
Pluie Rain
81%
Pleuvoir Rain
81%
Vent Wind
81%
Automne (US) Fall
76%
Nuageux Cloudy
62%
Arc-en-ciel Rainbow
62%
Venteux Windy
62%
Briller Shine
57%
Ensoleillé Sunny
57%
Tonnerre Thunder
52%
Brouillard Fog
48%
Pluvieux Rainy
48%
Ombre (2) Shadow
48%
Climat Climate
43%
Boule de neige Snowball
43%
Orage Storm
43%
Smog Smog
38%
Bonhomme de neige Snowman
38%
Souffler Blow
33%
Chaleur Heat
33%
Chauffer Heat
33%
Foudre Lightning
33%
Chaud Warm
33%
Mouillé, Pluvieux Wet
33%
Flocon Flake
29%
Se lever Rise
29%
Ouragan Hurricane
24%
Grêlons Ice
24%
Se coucher Set
24%
Orageux Stormy
24%
Brillant Bright
19%
Brumeux (1) Foggy
19%
Glacial, Glacé Icy
19%
Humide, Moite Moist
19%
Prévision Forecast
14%
Prévoir Forecast
14%
Geler Freeze
14%
Gelée, Gel Frost
14%
Rayon Beam
10%
Froid (et qui fait frissonner) Chilly
10%
Frais Cool
10%
Rosée Dew
10%
Grêle Hail
10%
Grêler Hail
10%
Brume (2) Mist
10%
Ombre (1) Shade
10%
Brûlant, Torride Blazing
5%
Froid (et sinistre) Bleak
5%
Moite, Humide, Lourd Clammy
5%
Sombre, Maussade Dull
5%
Grand vent, Coup de vent Gale
5%
Rafale Gust
5%
Brume (1) Haze
5%
Doux Mild
5%
Brumeux (2) Misty
5%
(Se) Disperser Scatter
5%
Brûlant Scorching
5%
Courir, Filer Scud
5%
Étouffant,, Renfermé Stuffy
5%
Éclater Break out
0%
(Se) Couvrir, S’obscurcir Cloud over
0%
Beau Fine
0%
Éclair (1) Flash of lightning
0%
Ne pas tomber Hold off
0%
Se lever Lift
0%
Averse Shower
0%
Neige fondue, Pluie glaçante Sleet
0%
Éclair (2) Strike of lightning
0%
Lourd, Suffocant Sultry
0%
Dégel Thaw
0%
Fondre Thaw
0%
Aucun quiz correspondant
Distribution des résultats
% des personnes avec chaque résultat
Percentile par nombre de réponses
Votre historique - résultats
Vous n’avez pas pris ce quiz